000 00761nam a2200241 4500
001 44665
010 _a9789897734731
021 _aPT
_b502293/22
090 _a44665
100 _a20220922d2022 m y0pory50030103ba
102 _aPT
200 1 _aTrono partido
_fVictoria Aveyard
_gtrad. Teresa Martins Carvalho
205 _a1<U+00AA> ed
210 9 _aPorto Salvo
_cSaída de Emergência,
_d2022
215 _a494, [1] p.
_cil.
_d23 cm
225 2 _aBang!
_v366
304 _aTít. orig.: Broken throne
675 _a821.111(73)-3
_vBN
_zpor
700 1 _aAveyard,
_bVictoria,
_f1990-
702 1 _aCarvalho,
_bTeresa Martins de
801 0 _aPT
_bBN
_gRPC
856 4 1 _uhttp://rnod.bnportugal.gov.pt/ImagesBN/winlibimg.aspx?skey=&doc=2110724&img=169643&save=true
990 _cLIVROS